Los costos de la emergencia (Registro nro. 18273)

Detalles MARC
000 -LEADER
fixed length control field 00351 a2200121 4500
001 - CONTROL NUMBER
control field ART_15809
005 - DATE AND TIME OF LATEST TRANSACTION
control field 20260410161736.0
008 - FIXED-LENGTH DATA ELEMENTS--GENERAL INFORMATION
fixed length control field 260409a
100 1# - MAIN ENTRY--PERSONAL NAME
Personal name San Martín, Jorge A.
245 10 - TITLE STATEMENT
Title Los costos de la emergencia
700 1# - ADDED ENTRY--PERSONAL NAME
Personal name Cravino, Daniel
773 0# - HOST ITEM ENTRY
Title Ejecutivos de finanzas
Related parts - Año 7, Nº 59 (sep. 1989)
Record control number REV2863

No hay ítems disponibles.